000 00624nam a2200217 i 4500
001 bg
100 1 _aKAMIŃSKA, Aniela
245 1 0 _aUrządzenia i stacje elektroenergetyczne /
_cAniela Kamińska.
260 _aPoznań :
_bWydaw. Politechniki Poznańskiej,
_c2000.
300 _a161, [1] s. :
_bfot., rys., wykr. ;
_c24 cm.
504 _aBibliogr. s. [162].
650 9 _aElektroenergetyka
_xurządzenia
655 _aPodręczniki akademickie
020 _a8371435606
040 _cBPK
041 0 _apl
080 _a621.31
920 _a83-7143-560-6
942 _cKS
008 s pl f |000 0 pol
999 _c37936
_d37936
856 _uhttp://koha.tu.koszalin.pl/cgi-bin/koha/opac-detail.pl?biblionumber=37936
_yKatalog online BPK